Deutsche UNESCO-Welterbestätten auf einer Karte - Statistiken

Allgemein
  • Dieses Quiz wurde 100 mal gespielt
  • Das Durchschnittsergebnis liegt bei 23 aus 55
Antworten auf der Karte
Die Antworten werden auf der Karte rot bzw. grün angezeigt, abhängig davon wie oft sie richtig erraten wurden.
 
Antwortstatistiken
Antwort % Korrekt
Aachener Dom
92%
Wattenmeer
68%
Rathaus und Roland in Bremen
59%
Hansestadt Lübeck
57%
Residenzensemble Schwerin
57%
Augsburger Wassermanagement-System
54%
Die Schlösser König Ludwigs II. von Bayern: Neuschwanstein, Linderhof, Schachen und Herrenchiemsee
54%
Kölner Dom
54%
Altstädte von Stralsund und Wismar
51%
Altstadt von Bamberg
51%
Industriekomplex Zeche Zollverein in Essen
51%
Residenz Würzburg mit Hofgarten und Residenzplatz
51%
Bergpark Wilhelmshöhe
49%
Römische Denkmale, Dom St. Peter und Liebfrauenkirche in Trier
49%
Schlösser und Parks von Potsdam und Berlin
49%
Völklinger Hütte
49%
Das Bauhaus und seine Stätten in Weimar, Dessau und Bernau
46%
Jüdisch-Mittelalterliches Erbe in Erfurt
46%
Museumsinsel Berlin
46%
SchUM-Stätten Speyer, Worms und Mainz
46%
Altstadt von Regensburg mit Stadtamhof
43%
Klassisches Weimar
43%
Mathildenhöhe Darmstadt
43%
Speicherstadt und Kontorhausviertel mit Chilehaus
43%
Bedeutende Kurstädte Europas
41%
Höhlen und Eiszeitkunst der Schwäbischen Alb
41%
Luthergedenkstätten in Eisleben und Wittenberg
41%
Mariendom und Michaeliskirche in Hildesheim
41%
Markgräfliches Opernhaus Bayreuth
41%
Prähistorische Pfahlbauten um die Alpen
41%
Speyerer Dom
41%
Wartburg
41%
Archäologischer Grenzkomplex Haithabu und Danewerk
38%
Bergwerk Rammelsberg, Altstadt von Goslar und Oberharzer Wasserwirtschaft
38%
Montanregion Erzgebirge/Krušnohoří
38%
Naumburger Dom
38%
Stiftskirche, Schloss und Altstadt von Quedlinburg
38%
Oberes Mittelrheintal
35%
Schlösser Augustusburg und Falkenlust in Brühl
35%
Gartenreich Dessau-Wörlitz
32%
Klosteranlage Maulbronn
32%
Muskauer Park / Park Mużakowski
32%
Alte Buchenwälder und Buchenurwälder der Karpaten und anderer Regionen Europas
30%
Karolingisches Westwerk und Civitas Corvey
30%
Kloster Lorsch und Altenmünster
30%
Grenzen des Römischen Reiches - Niedergermanischer Limes
27%
Klosterinsel Reichenau
27%
Wallfahrtskirche „Die Wies“
27%
Das architektonische Werk von Le Corbusier
24%
Fossillagerstätte Grube Messel
24%
Grenzen des Römischen Reiches - Donaulimes (westlicher Abschnitt)
24%
Siedlungen der Berliner Moderne
24%
Fagus-Werk in Alfeld
22%
Grenzen des Römischen Reiches
22%
Siedlungen der Herrnhuter Brüdergemeine
22%
Keine übereinstimmenden Quizze gefunden
Verteilung der Resultate
Anzahl Personen mit jedem Resultat
Perzentil nach korrekt beantworteten Fragen
Ihre Resultats-Entwicklung
Sie haben dieses Quiz noch nicht gespielt